000
00285 a2200121 4500
001
146355
040
_c
Escola São Tomás de Aquino
100
_a
DEFOE, Daniel
240
1
0
_a
Robinson Crusoé
_l
por
245
1
0
_a
Robinson Crusoé
697
_a
*LITERATURA INFANTO JUVENIL
942
_c
BK
999
_c
146355
_d
146355